MARC детайли
| 000 -Лидер |
| Контролно поле с фиксирана дължина |
01907nam a2200385 c 4500 |
| 003 - Код на организацията, давaща контролен номер |
| Контролно поле |
BLK |
| 005 - Дата и час на последна редакция |
| Контролно поле |
20180420215116.0 |
| 008 - Елементи от данни с фиксирана дължина |
| fixed length control field |
180413b bul|||||r ||||||| ||bul|| |
| 010 ## - Наследен системен номер |
| LC control number |
KNG00017773000 |
| 020 ## - Международен стандартен номер на книга ISBN |
| Международен стандартен номер на книга ISBN |
954-8268-23-Х |
| -- |
издат.: Alma Mater Intern. |
| 040 ## - Източник на каталожния запис |
| Идентификатор на билиотеката - собственик на записа |
BLK |
| 041 ## - Код за език |
| Код за езика на текст/звукозапис или на отделно заглавие |
Български |
| Код за езика КДБФ |
Български |
| 080 ## - УДК |
| Текстов определител УДК |
Физика |
| УДК код - определител по УДК |
53 |
| УДК определител |
(075.8) |
| УДК - код + определител |
53(075.8) |
| 080 ## - УДК |
| Текстов определител УДК |
Механика |
| УДК код - определител по УДК |
531/534 |
| УДК определител |
(075.8) |
| УДК - код + определител |
531/534(075.8) |
| 080 ## - УДК |
| Текстов определител УДК |
Принцип на относителността |
| УДК код - определител по УДК |
530.12 |
| УДК определител |
(075.8) |
| УДК - код + определител |
530.12(075.8) |
| 100 1# - Редна дума - Автор |
| Автор |
Лазов, Любомир Костадинов |
| Авторска отговорност |
първи автор |
| R(LIN) |
256083 |
| 139 ## - Редно поле |
| Редна дума |
Лазов, Любомир Костадинов |
| Авторски знак |
Лаз - Л 14 |
| 245 10 - Сведения за заглавието |
| Заглавие |
Физика |
| Подзаглавни данни |
[За студентите от ТУ] : В 4 ч. |
| Редно поле (дума) |
Любомир Костадинов Лазов. |
| Том |
[Ч.] 1 |
| Заглавие на том |
Механика ; Специална теория на относителността |
| 250 ## - Област на изданието |
| Сведения за изданието |
[2. изд.] |
| 257 ## - Страна на издаване |
| Страна на създаване/издаване |
България |
| 260 ## - Област на издателските данни |
| -- |
Габрово |
| Име на издателя, разпространителя и проч. |
Alma Mater Intern. |
| Година на издаване |
1997 |
| 300 ## - Физическа характеристика |
| Размери/Мащаб |
21 см |
| 380 ## - Жанр |
| Жанр |
Естествени науки. Математика |
| 500 ## - Общи забележки |
| Забележка |
Офс. изд Място на печат: В. Търново Име на печатница: Aбагар |
| 650 #4 - Допълнително описание по предмет – тема |
| Основно описание – тема или топоним |
Физика - учебници за ВУЗ |
| 9 (RLIN) |
241824 |
| 650 #4 - Допълнително описание по предмет – тема |
| Основно описание – тема или топоним |
Механика - учебници за ВУЗ |
| 9 (RLIN) |
256084 |
| 650 #4 - Допълнително описание по предмет – тема |
| Основно описание – тема или топоним |
Теория на относителността - учебници за ВУЗ |
| 9 (RLIN) |
256085 |
| 653 ## - Ключова дума – ненормативна |
| Ключова дума |
физика |
| 760 1# - Описание на основната серия |
| Редна дума на основното описание |
Лазов, Любомир Костадинов |
| Издание |
[2. изд.] |
| Място на издаване, издател и година |
[ 1997 ] |
| Страници - том |
102 с. : с черт., табл. : с черт., |
| Забележка - том |
1. изд. 1996 изд. на ТУ - Габрово |
| Заглавие |
[Ч.] 1 Механика ; Специална теория на относителността |
| 852 ## - Местоположение |
| Форматна сигнатура |
Цб 193026 |
| 856 4# - Електронен адрес и достъп |
| Електронен формат |
pdf - файл |
| Път до файла /url/ |
|
| 856 4# - Електронен адрес и достъп |
| Електронен формат |
pdf - файл |
| Път до файла /url/ |
|
| 942 ## - АРТИКУЛИ |
| Вид на библиотечния материал |
Книги |
| Скрит в OPAC |
Не |
| 944 ## - СЪЗДАВАНЕ И РЕДАКЦИЯ на ЗАПИСА |
| Създаване/Редакция |
Създаване |
| Дата на регистрацията/редакция |
15.01.2003 |
| Служител, извършил регистрацията/редакцията |
Теодора_Стоянова |
| 944 ## - СЪЗДАВАНЕ И РЕДАКЦИЯ на ЗАПИСА |
| Създаване/Редакция |
Редакция |
| Дата на регистрацията/редакция |
04.01.2017 |
| Служител, извършил регистрацията/редакцията |
Силвестър_Спасов |
| 999 ## - СИСТЕМНИ КОНТРОЛНИ НОМЕРА |
| Koha biblionumber |
15955 |
| Koha biblioitemnumber |
15955 |